| 000 | 00845cam a2200289 4500 | ||
|---|---|---|---|
| 001 | J1464 | ||
| 008 | 090401t1993 xxu||||| |||| 00| 0 eng d | ||
| 035 | _a(Sirsi) u43565 | ||
| 041 | _aeng | ||
| 050 | _a368.56 | ||
| 110 |
_aBain Clarkson _93428 |
||
| 245 | _aCommercial property and construction insurance: a guide for investors, occupiers, bankers, developers and contractors. | ||
| 260 |
_aLondon _bCSW - The Property Week _c1993 |
||
| 300 | _a43p. ; 30cm. | ||
| 350 | _a0 | ||
| 650 | _aCHARTERED SURVEYOR WEEKLY | ||
| 650 | _aPROPERTY-COMMERCIAL PROPERTY | ||
| 650 | _aCONSTRUCTION INSURANCE | ||
| 650 | _aRISK MANAGEMENT | ||
| 650 | _aTERRORISM COVER | ||
| 650 | _aTERRORISM | ||
| 690 |
_aInsurance _96249 |
||
| 710 |
_aClifford Chance _92015 |
||
| 710 |
_aThomas Howell Group _93430 |
||
| 942 | _n0 | ||
| 948 | _c04/03/1997 | ||
| 999 |
_c91356 _d91356 |
||